[Event "Mundial Juvenil femenino 2005 s16"]
[Site "Belfort FRA"]
[Date "2005.07.22"]
[Round "4.16"]
[White "Laurens, Julia"]
[Black "Ondrova, Michaela"]
[Result "0-1"]
[WhiteElo "2034"]
[BlackElo "1920"]
[PlyCount "64"]
[EventDate "2005.07.19"]
[EventType "swiss"]
[EventRounds "11"]
[EventCountry "FRA"]
[Source "lmi"]
[SourceDate "2005.07.31"]

1. d4 d5 2. c4 e6 3. Nc3 c5 4. cxd5 cxd4 5. Qxd4 Nc6 6. Qd1 exd5 7. Qxd5 Bd7 8.
Bg5 Nf6 9. Bxf6 Qxf6 10. Nf3 O-O-O 11. O-O-O Bf5 12. Qc4 Rxd1+ 13. Nxd1 Bb4 14.
g4 Be6 15. g5 Qf5 16. Ne3 Qa5 17. Qc2 Qxa2 18. h4 Kb8 19. Qb1 Qa4 20. Bh3 Bxh3
21. Rxh3 Rc8 22. Nc2 Na5 23. Nfd4 Bc5 24. Rc3 Qd7 25. e3 Qg4 26. b4 Bxd4 27.
Rxc8+ Kxc8 28. Nxd4 Qg1+ 29. Kb2 Qxf2+ 30. Ka1 Qxe3 31. Qf5+ Kb8 32. Qc5 Qxd4+
0-1

[Event "Mundial Juvenil femenino 2005 s16"]
[Site "Belfort FRA"]
[Date "2005.07.22"]
[Round "4.17"]
[White "Zhorzholiani, Meri"]
[Black "Oosthuizen, Linda"]
[Result "1-0"]
[WhiteElo "2019"]
[BlackElo "1599"]
[PlyCount "57"]
[EventDate "2005.07.19"]
[EventType "swiss"]
[EventRounds "11"]
[EventCountry "FRA"]
[Source "lmi"]
[SourceDate "2005.07.31"]

1. d4 Nf6 2. c4 g6 3. Nc3 Bg7 4. e4 d6 5. f3 O-O 6. Be3 e5 7. d5 c6 8. Bd3 cxd5
9. cxd5 a6 10. a4 Nh5 11. Nge2 f5 12. exf5 gxf5 13. O-O Nd7 14. Rc1 Nc5 15. Bb1
Kh8 16. Kh1 Bd7 17. b4 Rg8 18. bxc5 Qf6 19. Qd3 Bh6 20. cxd6 Rg6 21. f4 Rag8
22. fxe5 Qh4 23. e6 Bxe3 24. Qxe3 Ng3+ 25. Nxg3 Rxg3 26. Qe5+ R8g7 27. exd7
Rxg2 28. Rg1 Qf2 29. d8=Q# 1-0

[Event "Mundial Juvenil femenino 2005 s16"]
[Site "Belfort FRA"]
[Date "2005.07.22"]
[Round "4.18"]
[White "Amed, Stephanie"]
[Black "Rysbayeva, Nazerke"]
[Result "1/2-1/2"]
[WhiteElo "2001"]
[BlackElo "1599"]
[PlyCount "130"]
[EventDate "2005.07.19"]
[EventType "swiss"]
[EventRounds "11"]
[EventCountry "FRA"]
[Source "lmi"]
[SourceDate "2005.07.31"]

1. e4 c6 2. d4 d5 3. Nc3 dxe4 4. Nxe4 Bf5 5. Ng3 Bg6 6. h4 h6 7. Nf3 Nd7 8. Bd3
Bxd3 9. Qxd3 Ngf6 10. Bd2 e6 11. O-O-O Be7 12. c4 b5 13. cxb5 cxb5 14. Kb1 Qb6
15. Rc1 O-O 16. Ne5 Nxe5 17. dxe5 Rfd8 18. Qe2 Ne8 19. Be3 Qb7 20. Qg4 Kh8 21.
Nh5 Bf8 22. Rh3 Qd5 23. Bxh6 Qxe5 24. Re3 Qf5+ 25. Qxf5 exf5 26. Bf4 Rdc8 27.
Rd1 Rd8 28. Rde1 Kg8 29. Re5 a6 30. Rxf5 g6 31. Rg5 Kh7 32. Rxe8 Rxe8 33. Nf6+
Kg7 34. Nxe8+ Rxe8 35. Rd5 Rc8 36. Rd7 Rc6 37. Be5+ Kg8 38. Rd8 Re6 39. Bd4 Rc6
40. Bc3 f5 41. Bb4 Rf6 42. Bxf8 Rxf8 43. Rd6 Kg7 44. Rxa6 Rb8 45. Kc2 Rc8+ 46.
Kb3 Rc4 47. g3 Kh6 48. Rb6 Rc5 49. Re6 Kh5 50. Re3 Kg4 51. Rd3 Re5 52. Rd4+ Kh5
53. Kc2 Re2+ 54. Rd2 Re4 55. Kd3 Re8 56. Kc3 Re4 57. b3 Re1 58. Kb4 Re4+ 59.
Rd4 Re2 60. Kxb5 Rxf2 61. Rf4 Rxa2 62. Kc6 Rg2 63. b4 Rxg3 64. b5 Rg4 65. Rxg4
fxg4 1/2-1/2

[Event "Mundial Juvenil femenino 2005 s16"]
[Site "Belfort FRA"]
[Date "2005.07.22"]
[Round "4.20"]
[White "Iurascu, Mihaela"]
[Black "Gomes, Mary Ann"]
[Result "1/2-1/2"]
[WhiteElo "1901"]
[BlackElo "2265"]
[PlyCount "105"]
[EventDate "2005.07.19"]
[EventType "swiss"]
[EventRounds "11"]
[EventCountry "FRA"]
[Source "lmi"]
[SourceDate "2005.07.31"]

1. c4 f5 2. Nc3 Nf6 3. d3 g6 4. Nf3 d6 5. e4 Nc6 6. exf5 Bxf5 7. d4 Qd7 8. Bd3
Bxd3 9. Qxd3 Bg7 10. O-O O-O 11. a3 Nh5 12. Ne2 Rae8 13. d5 Ne5 14. Nxe5 dxe5
15. Qe4 e6 16. dxe6 Qxe6 17. Bd2 c6 18. Rad1 Qc8 19. c5 Kh8 20. Qc4 Qc7 21. b4
Nf4 22. Bxf4 exf4 23. Nd4 Re4 24. f3 Re3 25. a4 Rc8 26. Rc1 Qe5 27. Rcd1 Bf6
28. Qf7 Qe7 29. Qxe7 Rxe7 30. Nc2 Re2 31. Rf2 Rce8 32. Kf1 R2e7 33. Rfd2 Kg7
34. Rd7 Kf7 35. R7d2 Kf8 36. Rd7 g5 37. h3 h6 38. Rxe7 Rxe7 39. Rd6 Kf7 40. Nd4
Be5 41. Rd8 Kg6 42. Rg8+ Kh7 43. Rd8 Kg6 44. Rg8+ Bg7 45. Rd8 Bf6 46. Rd6 a6
47. a5 Re3 48. Nc2 Re7 49. Nd4 h5 50. Nb3 Kf5 51. Nd4+ Kg6 52. Nb3 Kf5 53. Nd4+
1/2-1/2

[Event "Mundial Juvenil femenino 2005 s16"]
[Site "Belfort FRA"]
[Date "2005.07.23"]
[Round "5.1"]
[White "Corke, Anya"]
[Black "Ignacz, Maria"]
[Result "1-0"]
[WhiteElo "2223"]
[BlackElo "2265"]
[PlyCount "81"]
[EventDate "2005.07.19"]
[EventType "swiss"]
[EventRounds "11"]
[EventCountry "FRA"]
[Source "lmi"]
[SourceDate "2005.07.31"]

1. d4 Nf6 2. Bg5 Ne4 3. Bf4 e6 4. Nd2 Nxd2 5. Qxd2 d5 6. Nf3 c5 7. e3 Nc6 8. c3
Bd6 9. Bg3 O-O 10. Bd3 Re8 11. Ne5 Bxe5 12. dxe5 Qg5 13. f4 Qh6 14. O-O f5 15.
exf6 Qxf6 16. e4 Bd7 17. e5 Qh6 18. Rae1 Rf8 19. Qf2 b6 20. Bh4 Qh5 21. Qg3 Qf7
22. Qh3 h6 23. Qg3 Be8 24. f5 exf5 25. e6 Qb7 26. e7 Rf7 27. Bxf5 Rxe7 28. Bxe7
Nxe7 29. Be6+ Kh7 30. Bf7 Bc6 31. Re6 Bb5 32. Rfe1 Ng8 33. Qg6+ Kh8 34. Bxg8
Rxg8 35. Re7 Qb8 36. b3 Qf4 37. a4 Ba6 38. Rxg7 Re8 39. Ra1 Bc8 40. b4 cxb4 41.
cxb4 1-0

[Event "Mundial Juvenil femenino 2005 s16"]
[Site "Belfort FRA"]
[Date "2005.07.23"]
[Round "5.2"]
[White "Leks, Hanna"]
[Black "Harika, Dronavalli"]
[Result "1/2-1/2"]
[WhiteElo "2173"]
[BlackElo "2396"]
[PlyCount "77"]
[EventDate "2005.07.19"]
[EventType "swiss"]
[EventRounds "11"]
[EventCountry "FRA"]
[Source "lmi"]
[SourceDate "2005.07.31"]

1. e4 c5 2. Nf3 Nc6 3. d4 cxd4 4. Nxd4 g6 5. c4 Bg7 6. Be3 d6 7. Nc3 Nf6 8. Be2
O-O 9. O-O Bd7 10. Rc1 Re8 11. Qd2 Rc8 12. f3 Ne5 13. Nd5 a6 14. b4 e6 15.
Nxf6+ Bxf6 16. Nb3 b5 17. c5 Nc4 18. Bxc4 bxc4 19. Na5 dxc5 20. Nb7 Qc7 21.
Nxc5 Bb5 22. Rfd1 c3 23. Qc2 a5 24. a4 axb4 25. axb5 Bg5 26. Bf2 Bxc1 27. Rxc1
Qe7 28. Nb3 Red8 29. b6 Qd7 30. Bh4 Re8 31. Ra1 Qb5 32. Bf2 Ra8 33. Rc1 Rad8
34. h3 Rd7 35. Ra1 Red8 36. Ra5 Rd1+ 37. Kh2 Qf1 38. b7 R8d2 39. Qxd1 1/2-1/2

[Event "Mundial Juvenil femenino 2005 s16"]
[Site "Belfort FRA"]
[Date "2005.07.23"]
[Round "5.4"]
[White "Mikadze, Miranda"]
[Black "Batzaya, Yanjav"]
[Result "1-0"]
[WhiteElo "2210"]
[BlackElo "1908"]
[PlyCount "115"]
[EventDate "2005.07.19"]
[EventType "swiss"]
[EventRounds "11"]
[EventCountry "FRA"]
[Source "lmi"]
[SourceDate "2005.07.31"]

1. e4 e6 2. d4 d5 3. Nc3 Nf6 4. Bg5 Be7 5. e5 Nfd7 6. Bxe7 Qxe7 7. f4 O-O 8.
Nf3 c5 9. dxc5 Nxc5 10. Qd2 f6 11. O-O-O Nc6 12. exf6 Qxf6 13. g3 Kh8 14. Bd3
a6 15. Rhe1 b5 16. Ng5 g6 17. Bf1 b4 18. Ne2 a5 19. Nd4 Nxd4 20. Qxd4 Qxd4 21.
Rxd4 h6 22. Nf3 Ba6 23. Bh3 Rfe8 24. Nd2 Kg7 25. Nb3 Nxb3+ 26. axb3 Kf6 27. Bg4
Rad8 28. Kd2 h5 29. Bh3 Rd6 30. Re5 Rc8 31. Re3 Rdc6 32. c3 Rb8 33. Kc2 Rcb6
34. Rd1 a4 35. bxa4 bxc3 36. b3 Rd8 37. Rd4 Rdb8 38. Rxc3 Be2 39. Bg2 Ba6 40.
Bf3 Kf5 41. Bd1 R8b7 42. Kb2 Bc4 43. Ka3 e5 44. Bc2+ Ke6 45. fxe5 Kxe5 46. Rd2
Ba6 47. Re3+ Kf6 48. Rxd5 Rc7 49. Rd2 Rbc6 50. Be4 Re6 51. Rf3+ Ke5 52. Bd3 Rc3
53. Re2+ Kd5 54. Rxe6 Bxd3 55. Ree3 Kd4 56. Rxd3+ Rxd3 57. Rxd3+ Kxd3 58. a5
1-0

[Event "Mundial Juvenil femenino 2005 s16"]
[Site "Belfort FRA"]
[Date "2005.07.23"]
[Round "5.5"]
[White "Gunina, Valentina"]
[Black "Congiu, Mathilde"]
[Result "1-0"]
[WhiteElo "2394"]
[BlackElo "2046"]
[PlyCount "69"]
[EventDate "2005.07.19"]
[EventType "swiss"]
[EventRounds "11"]
[EventCountry "FRA"]
[Source "lmi"]
[SourceDate "2005.07.31"]

1. d4 Nf6 2. c4 e6 3. Nf3 b6 4. g3 Ba6 5. b3 Bb7 6. Bg2 Bb4+ 7. Bd2 a5 8. Nc3
O-O 9. O-O d5 10. Qc2 Nbd7 11. Bf4 h6 12. Ne5 Bxc3 13. Qxc3 Nxe5 14. Bxe5 Ne4
15. Qc2 Rc8 16. cxd5 exd5 17. Bh3 f5 18. Rac1 Rf7 19. Qd3 Qf8 20. f3 Ng5 21.
Bg2 Ne6 22. h4 g6 23. g4 Ng7 24. g5 Ne6 25. h5 Qe8 26. hxg6 Rf8 27. g7 Nxg7 28.
gxh6 Ne6 29. Kf2 Kh7 30. Rh1 Rf7 31. Bh3 Qf8 32. Rcg1 Re8 33. Rg7+ Nxg7 34.
hxg7 Rxg7 35. Bxf5+ 1-0

[Event "Mundial Juvenil femenino 2005 s16"]
[Site "Belfort FRA"]
[Date "2005.07.23"]
[Round "5.6"]
[White "Saheli, Nath"]
[Black "Zhorzholiani, Meri"]
[Result "1-0"]
[WhiteElo "2187"]
[BlackElo "2019"]
[PlyCount "63"]
[EventDate "2005.07.19"]
[EventType "swiss"]
[EventRounds "11"]
[EventCountry "FRA"]
[Source "lmi"]
[SourceDate "2005.07.31"]

1. b3 Nf6 2. Bb2 e6 3. e3 Be7 4. d4 b6 5. Nf3 Bb7 6. Bd3 O-O 7. O-O d6 8. Nbd2
c5 9. c4 Nbd7 10. Qe2 Rc8 11. Rad1 Qc7 12. e4 cxd4 13. Nxd4 a6 14. Kh1 Qb8 15.
f3 Rfe8 16. a3 Ne5 17. Bb1 Nc6 18. f4 e5 19. Nxc6 Bxc6 20. f5 b5 21. Rf3 Qb7
22. Re3 Bf8 23. g4 Nd7 24. g5 f6 25. g6 h6 26. b4 Nb6 27. Ba2 Kh8 28. Qg4 Qa8
29. cxb5 axb5 30. Bf7 Red8 31. Rh3 d5 32. Rg1 1-0

[Event "Mundial Juvenil femenino 2005 s16"]
[Site "Belfort FRA"]
[Date "2005.07.23"]
[Round "5.7"]
[White "Khudaya, Iryna"]
[Black "Shmirina, Evgenija"]
[Result "0-1"]
[WhiteElo "2043"]
[BlackElo "2157"]
[PlyCount "110"]
[EventDate "2005.07.19"]
[EventType "swiss"]
[EventRounds "11"]
[EventCountry "FRA"]
[Source "lmi"]
[SourceDate "2005.07.31"]

1. e4 d6 2. d4 Nf6 3. f3 e5 4. d5 c6 5. c4 Qc7 6. Nc3 a6 7. Be3 c5 8. Bd3 g6 9.
Nge2 Bg7 10. Qd2 h5 11. a3 Nbd7 12. O-O b6 13. b4 Bb7 14. Rab1 h4 15. Na4 Rb8
16. Rb2 Ke7 17. Rfb1 Ba8 18. Nac3 Nh5 19. Bg5+ Bf6 20. Be3 Rhg8 21. Bc2 Bg7 22.
Ba4 f5 23. Bxd7 Kxd7 24. bxc5 bxc5 25. Na4 Rxb2 26. Qxb2 Rf8 27. Bg5 Bf6 28.
Bd2 Qa7 29. Qb6 Qxb6 30. Nxb6+ Ke7 31. Nxa8 Rxa8 32. Rb7+ Ke8 33. Ba5 fxe4 34.
fxe4 Nf4 35. Nxf4 exf4 36. h3 Kf8 37. Kf2 Re8 38. Kf3 g5 39. Bc7 Be5 40. Rb6
Ke7 41. Rxa6 g4+ 42. hxg4 Rh8 43. Ra7 h3 44. Bb6+ Kf6 45. gxh3 Rxh3+ 46. Kg2
Rg3+ 47. Kf1 Kg5 48. Ra8 Rb3 49. Rg8+ Kh4 50. Ba5 Kg3 51. Be1+ Kf3 52. Rg5 Rb1
53. Rh5 Ke3 54. Rh2 f3 55. Rc2 Bg3 0-1

[Event "Mundial Juvenil femenino 2005 s16"]
[Site "Belfort FRA"]
[Date "2005.07.23"]
[Round "5.8"]
[White "Paganoglou, Anastasia"]
[Black "Hamrakulova, Yulduz"]
[Result "0-1"]
[WhiteElo "1948"]
[BlackElo "2114"]
[PlyCount "60"]
[EventDate "2005.07.19"]
[EventType "swiss"]
[EventRounds "11"]
[EventCountry "FRA"]
[Source "lmi"]
[SourceDate "2005.07.31"]

1. e4 e5 2. Nf3 Nf6 3. d3 Nc6 4. Be2 Be7 5. O-O h6 6. Nc3 d5 7. exd5 Nxd5 8.
Ne4 f5 9. Ng3 Be6 10. d4 e4 11. Ne5 Nxe5 12. dxe5 g6 13. Bh5 gxh5 14. Qxh5+ Bf7
15. Qxf5 Qd7 16. Qxe4 O-O-O 17. Re1 Be6 18. f4 Bc5+ 19. Kh1 Ne7 20. b4 Bf2 21.
Rf1 Bxg3 22. hxg3 Nf5 23. Qe1 Rhg8 24. Rf3 Bd5 25. Rc3 Nxg3+ 26. Rxg3 Rxg3 27.
Qxg3 Rg8 28. Qxg8+ Bxg8 29. Be3 Bd5 30. Kh2 Qg4 0-1

[Event "Mundial Juvenil femenino 2005 s16"]
[Site "Belfort FRA"]
[Date "2005.07.23"]
[Round "5.9"]
[White "Pelletier, Katherine"]
[Black "Ondrova, Michaela"]
[Result "1-0"]
[WhiteElo "2096"]
[BlackElo "1920"]
[PlyCount "81"]
[EventDate "2005.07.19"]
[EventType "swiss"]
[EventRounds "11"]
[EventCountry "FRA"]
[Source "lmi"]
[SourceDate "2005.07.31"]

1. e4 e5 2. Nf3 Nc6 3. Bc4 Bc5 4. c3 Nf6 5. d3 d5 6. exd5 Nxd5 7. b4 Bb6 8. Qb3
Be6 9. O-O O-O 10. Re1 a6 11. Nxe5 Nxe5 12. Rxe5 Bxf2+ 13. Kh1 Qf6 14. d4 c6
15. Nd2 Qg6 16. Nf3 b5 17. Bf1 Ne3 18. Qb2 Nxf1 19. Qxf2 Bc4 20. Bf4 Qd3 21.
Rc1 Rfe8 22. Rxe8+ Rxe8 23. Ne5 Qe2 24. Kg1 Rxe5 25. dxe5 Qxf2+ 26. Kxf2 Kf8
27. Rxf1 Bxf1 28. Kxf1 Ke7 29. Ke2 Ke6 30. Kd3 Kd5 31. g4 g6 32. h4 c5 33. a3
c4+ 34. Ke3 Ke6 35. Kd4 f6 36. exf6 Kxf6 37. Kc5 h5 38. gxh5 gxh5 39. Kb6 Kf5
40. Bg5 Ke4 41. Kxa6 1-0

[Event "Mundial Juvenil femenino 2005 s16"]
[Site "Belfort FRA"]
[Date "2005.07.23"]
[Round "5.11"]
[White "Van Der Merwe, Anna Margaretha"]
[Black "Foisor, Sabina-Francesca"]
[Result "0-1"]
[WhiteElo "2012"]
[BlackElo "2230"]
[PlyCount "42"]
[EventDate "2005.07.19"]
[EventType "swiss"]
[EventRounds "11"]
[EventCountry "FRA"]
[Source "lmi"]
[SourceDate "2005.07.31"]

1. e4 g6 2. d4 Bg7 3. Nc3 d6 4. h3 a6 5. Bc4 Nd7 6. Nf3 e6 7. O-O b5 8. Bb3 Ne7
9. Re1 O-O 10. Bg5 h6 11. Be3 Bb7 12. Qd2 Kh7 13. a3 c5 14. h4 c4 15. Ba2 f5
16. exf5 Nxf5 17. h5 Bxf3 18. hxg6+ Kxg6 19. gxf3 Nh4 20. Kf1 Nxf3 21. Qd1 Qh4
0-1

[Event "Mundial Juvenil femenino 2005 s16"]
[Site "Belfort FRA"]
[Date "2005.07.23"]
[Round "5.13"]
[White "Gras, Delphine"]
[Black "Umudova, Nargiz"]
[Result "0-1"]
[WhiteElo "1982"]
[BlackElo "2121"]
[PlyCount "80"]
[EventDate "2005.07.19"]
[EventType "swiss"]
[EventRounds "11"]
[EventCountry "FRA"]
[Source "lmi"]
[SourceDate "2005.07.31"]

1. e4 c5 2. Nf3 Nc6 3. d4 cxd4 4. Nxd4 Nf6 5. Nc3 e5 6. Ndb5 d6 7. Bg5 a6 8.
Na3 b5 9. Nd5 Be7 10. Bxf6 Bxf6 11. c3 Ne7 12. Nc2 Nxd5 13. Qxd5 Rb8 14. Qc6+
Ke7 15. Qd5 Bb7 16. Qd3 d5 17. exd5 Qxd5 18. Qxd5 Bxd5 19. Nb4 Bb7 20. Rd1 Rhd8
21. f3 Bh4+ 22. Ke2 e4 23. fxe4 Bxe4 24. Rxd8 Rxd8 25. Ke3 Bb7 26. Bd3 Bxg2 27.
Rg1 Bb7 28. Rxg7 Kf6 29. Rg1 Bg5+ 30. Ke2 Re8+ 31. Kd1 Re3 32. Be2 Rh3 33. Rf1+
Kg7 34. Rf5 h6 35. a4 bxa4 36. Nxa6 a3 37. bxa3 Rxc3 38. Rc5 Rxa3 39. Nb4 Ra1+
40. Kc2 Rc1+ 0-1

[Event "Mundial Juvenil femenino 2005 s16"]
[Site "Belfort FRA"]
[Date "2005.07.23"]
[Round "5.14"]
[White "Khudaya, Aliaksandra"]
[Black "Amed, Stephanie"]
[Result "1/2-1/2"]
[WhiteElo "2117"]
[BlackElo "2001"]
[PlyCount "147"]
[EventDate "2005.07.19"]
[EventType "swiss"]
[EventRounds "11"]
[EventCountry "FRA"]
[Source "lmi"]
[SourceDate "2005.07.31"]

1. d4 Nf6 2. c4 g6 3. f3 Bg7 4. e4 d6 5. Nc3 O-O 6. Be3 Nc6 7. Qd2 a6 8. Nge2
Rb8 9. Nc1 e5 10. d5 Nd4 11. Nb3 c5 12. dxc6 bxc6 13. Nxd4 exd4 14. Bxd4 Qa5
15. Rc1 Be6 16. b3 Rfd8 17. Be2 d5 18. cxd5 cxd5 19. e5 Nd7 20. f4 f6 21. exf6
Nxf6 22. O-O Ne4 23. Qe3 Bxd4 24. Qxd4 Rb4 25. Qe3 Bf5 26. Nxe4 Rxe4 27. Qd3
Ra4 28. Qg3 Rxa2 29. Bg4 Qb6+ 30. Kh1 Be4 31. Bh3 Rb2 32. f5 Rxb3 33. Qh4 Rf8
34. f6 h5 35. f7+ Kg7 36. Qe7 Qb4 37. Rc5 Rxh3 38. Qxf8+ Kxf8 39. Rc8+ Kg7 40.
f8=Q+ Qxf8 41. Rcxf8 Rh4 42. Kg1 Rg4 43. R1f7+ Kh6 44. Rh8+ Kg5 45. g3 h4 46.
Kf2 Bf5 47. Rd8 hxg3+ 48. hxg3 Rd4 49. Ra7 Be4 50. Rxa6 Rd2+ 51. Ke1 Rd3 52.
Ra5 Rxg3 53. Raxd5+ Bxd5 54. Rxd5+ Kf4 55. Kf2 Rb3 56. Rd4+ Ke5 57. Ra4 g5 58.
Ra5+ Kf4 59. Ra4+ Kf5 60. Ra5+ Kg4 61. Kg2 Rb2+ 62. Kg1 Kh4 63. Ra4+ g4 64. Ra3
Re2 65. Rb3 Kg5 66. Rb5+ Kf4 67. Rb4+ Kf3 68. Rb3+ Re3 69. Rxe3+ Kxe3 70. Kg2
Kf4 71. Kf2 g3+ 72. Kg2 Kg4 73. Kg1 Kh3 74. Kh1 1/2-1/2

[Event "Mundial Juvenil femenino 2005 s16"]
[Site "Belfort FRA"]
[Date "2005.07.23"]
[Round "5.15"]
[White "Rysbayeva, Nazerke"]
[Black "Gavrilova, Anastasia"]
[Result "1-0"]
[WhiteElo "1599"]
[BlackElo "2082"]
[PlyCount "77"]
[EventDate "2005.07.19"]
[EventType "swiss"]
[EventRounds "11"]
[EventCountry "FRA"]
[Source "lmi"]
[SourceDate "2005.07.31"]

1. e4 c6 2. d4 d5 3. exd5 cxd5 4. c4 Nf6 5. Nc3 g6 6. cxd5 Bg7 7. Bc4 O-O 8.
Nf3 Nbd7 9. O-O Nb6 10. Bb3 Nbxd5 11. Ne5 Be6 12. Qf3 Qd6 13. Bg5 Rfd8 14. Rfe1
Rac8 15. Bxf6 exf6 16. Nxf7 Bxf7 17. Bxd5 Bxd5 18. Nxd5 Rc2 19. Qb3 Qxd5 20.
Qxc2 f5 21. Qa4 Bxd4 22. Rad1 b5 23. Qb3 Qxb3 24. axb3 Kf7 25. Kf1 b4 26. Re2
Bf6 27. Rxd8 Bxd8 28. Ke1 Bf6 29. Kd1 g5 30. Kc2 a5 31. Kd3 h5 32. Kc4 f4 33.
f3 Bd8 34. Kb5 Kf6 35. Re8 Bc7 36. Rc8 Be5 37. Kxa5 Bxb2 38. Kxb4 g4 39. Rg8
1-0

[Event "Mundial Juvenil femenino 2005 s16"]
[Site "Belfort FRA"]
[Date "2005.07.23"]
[Round "5.16"]
[White "Van Nies, Pauline"]
[Black "Kozjukova, Olga"]
[Result "1-0"]
[WhiteElo "2074"]
[BlackElo "1986"]
[PlyCount "89"]
[EventDate "2005.07.19"]
[EventType "swiss"]
[EventRounds "11"]
[EventCountry "FRA"]
[Source "lmi"]
[SourceDate "2005.07.31"]

1. e4 c5 2. Nf3 d6 3. d4 cxd4 4. Nxd4 Nf6 5. Nc3 e6 6. Be2 Be7 7. O-O a6 8. f4
Qc7 9. Kh1 O-O 10. Qe1 Nc6 11. Be3 Re8 12. Qg3 Bd7 13. Rae1 Bf8 14. Nf3 Qa5 15.
e5 Nd5 16. Bd2 Qc5 17. Bd3 f5 18. exf6 Nxf6 19. Ne4 Nxe4 20. Bxe4 Qh5 21. Ng5
h6 22. Nh7 Kh8 23. Bg6 Qd5 24. Bxe8 Rxe8 25. Nxf8 Rxf8 26. Bc3 Rf7 27. Qg6 Kg8
28. Rd1 Qc5 29. Qd3 d5 30. Bd2 Qe7 31. a3 Qf6 32. Bc3 Qe7 33. f5 exf5 34. Qxd5
Qe2 35. Qd2 Qg4 36. Rf4 Qg6 37. Re1 Kh7 38. b3 Qg5 39. Bb2 Qg6 40. c4 Qg5 41.
b4 Re7 42. Rxe7 Qxe7 43. Rf3 Qf7 44. Qc3 Be6 45. Rg3 1-0

[Event "Mundial Juvenil femenino 2005 s16"]
[Site "Belfort FRA"]
[Date "2005.07.23"]
[Round "5.17"]
[White "Darbinian, Nune"]
[Black "Miller, Naomi"]
[Result "1-0"]
[WhiteElo "2072"]
[BlackElo "1943"]
[PlyCount "51"]
[EventDate "2005.07.19"]
[EventType "swiss"]
[EventRounds "11"]
[EventCountry "FRA"]
[Source "lmi"]
[SourceDate "2005.07.31"]

1. Nf3 Nf6 2. c4 g6 3. Nc3 Bg7 4. e4 d6 5. d4 O-O 6. Be2 e5 7. O-O Nc6 8. Be3
Ng4 9. Bg5 f6 10. Bc1 f5 11. dxe5 Ngxe5 12. exf5 Bxf5 13. Nxe5 Bxe5 14. Be3 Qf6
15. Qd2 Nd4 16. Bd1 Be6 17. f4 Nc6 18. Ne4 Qg7 19. fxe5 Rxf1+ 20. Kxf1 Qxe5 21.
Ng3 Bxc4+ 22. Kg1 Re8 23. Bf4 Qc5+ 24. Kh1 Nb4 25. Bb3 Nd3 26. Qxd3 1-0

[Event "Mundial Juvenil femenino 2005 s16"]
[Site "Belfort FRA"]
[Date "2005.07.23"]
[Round "5.18"]
[White "Gomes, Mary Ann"]
[Black "Reid, Vaness"]
[Result "1-0"]
[WhiteElo "2265"]
[BlackElo "1599"]
[PlyCount "75"]
[EventDate "2005.07.19"]
[EventType "swiss"]
[EventRounds "11"]
[EventCountry "FRA"]
[Source "lmi"]
[SourceDate "2005.07.31"]

1. Nf3 d5 2. c4 c6 3. g3 e6 4. Bg2 Nf6 5. O-O Bd6 6. d4 O-O 7. Nc3 Nbd7 8. cxd5
exd5 9. Qc2 Re8 10. Rb1 a5 11. Re1 h6 12. Bd2 Nf8 13. a3 Be6 14. Na4 Ne4 15.
Rbc1 Bf5 16. Qd1 Nd7 17. Nc3 Nb6 18. Nh4 Bh7 19. Nxe4 Bxe4 20. Bxe4 Rxe4 21.
Nf5 Bc7 22. f3 Re8 23. e4 Nc4 24. Rxc4 dxc4 25. Qc1 h5 26. Qxc4 Qf6 27. Kg2 b5
28. Qc5 Rab8 29. Rc1 Bb6 30. Qd6 Bxd4 31. Qxd4 Qxd4 32. Nxd4 Red8 33. Be3 g6
34. Nxc6 Rd3 35. Kf2 f5 36. e5 Rb3 37. Rc2 a4 38. Nd4 1-0

[Event "Mundial Juvenil femenino 2005 s16"]
[Site "Belfort FRA"]
[Date "2005.07.23"]
[Round "5.19"]
[White "Atnilov, Bela"]
[Black "Ignacz, Rozsa"]
[Result "1-0"]
[WhiteElo "2153"]
[BlackElo "1903"]
[PlyCount "57"]
[EventDate "2005.07.19"]
[EventType "swiss"]
[EventRounds "11"]
[EventCountry "FRA"]
[Source "lmi"]
[SourceDate "2005.07.31"]

1. e4 c6 2. d4 d5 3. exd5 cxd5 4. c4 Nf6 5. Nc3 g6 6. cxd5 Bg7 7. Bb5+ Bd7 8.
Bc4 O-O 9. Nf3 Qb6 10. Qb3 Qxb3 11. Bxb3 Na6 12. O-O Rad8 13. Re1 Rfe8 14. a3
Bc8 15. Ne5 Rf8 16. Nf3 Rfe8 17. Bf4 Bg4 18. Ne5 Nh5 19. Nxg4 Nxf4 20. Ba4 Rf8
21. Rxe7 Nxd5 22. Nxd5 Rxd5 23. Rd1 Rxd4 24. Nh6+ Kh8 25. Nxf7+ Kg8 26. Rxd4
Bxd4 27. Bb3 Nc5 28. Bc4 Bxb2 29. Ng5+ 1-0

[Event "Mundial Juvenil femenino 2005 s16"]
[Site "Belfort FRA"]
[Date "2005.07.23"]
[Round "5.20"]
[White "Zapata, Talia"]
[Black "Iurascu, Mihaela"]
[Result "1/2-1/2"]
[WhiteElo "2152"]
[BlackElo "1901"]
[PlyCount "55"]
[EventDate "2005.07.19"]
[EventType "swiss"]
[EventRounds "11"]
[EventCountry "FRA"]
[Source "lmi"]
[SourceDate "2005.07.31"]

1. d4 Nf6 2. c4 g6 3. Nf3 Bg7 4. Nc3 d6 5. e4 O-O 6. Be2 Nbd7 7. O-O e5 8. d5
Nc5 9. Qc2 a5 10. Rb1 Ne8 11. b3 f5 12. Nd2 Nf6 13. Bf3 f4 14. Qd1 Qe8 15. g4
g5 16. h3 h5 17. Kh2 Qd7 18. Rg1 Kf7 19. Rg2 Rh8 20. Kg1 hxg4 21. Bxg4 Nxg4 22.
Qxg4 Qxg4 23. hxg4 Rh4 24. f3 Bd7 25. Nf1 Rah8 26. Rh2 Rxh2 27. Nxh2 Rh3 28.
Bd2 1/2-1/2

[Event "Mundial Juvenil femenino 2005 s16"]
[Site "Belfort FRA"]
[Date "2005.07.24"]
[Round "6.2"]
[White "Harika, Dronavalli"]
[Black "Mikadze, Miranda"]
[Result "1/2-1/2"]
[WhiteElo "2396"]
[BlackElo "2210"]
[PlyCount "65"]
[EventDate "2005.07.19"]
[EventType "swiss"]
[EventRounds "11"]
[EventCountry "FRA"]
[Source "lmi"]
[SourceDate "2005.07.31"]

1. f4 Nf6 2. Nf3 g6 3. g3 Bg7 4. Bg2 d5 5. d3 c5 6. O-O Nc6 7. e3 O-O 8. Qe2
Qc7 9. Nc3 d4 10. Nd1 dxe3 11. Bxe3 b6 12. d4 cxd4 13. Nxd4 Nxd4 14. Bxd4 Bb7
15. c3 Bxg2 16. Qxg2 e6 17. Ne3 Rad8 18. Rad1 Rd7 19. Rd2 Rfd8 20. Rfd1 h5 21.
Be5 Qc5 22. Bd4 Qc7 23. Nc2 Ng4 24. h3 Bxd4+ 25. Rxd4 Rxd4 26. Rxd4 Rxd4 27.
Nxd4 Ne3 28. Qa8+ Kh7 29. Qe4 Nf5 30. Nxf5 exf5 31. Qd5 h4 32. Kf2 Qd8 33. Qd1
1/2-1/2